| 000 | 00993cad a22002295a 4500 | ||
|---|---|---|---|
| 001 | L150635 | ||
| 008 | 100805s2004 xxk f 000 0 eng d | ||
| 020 | _a9780717628230 | ||
| 035 | _a(Sirsi) u150635 | ||
| 041 | 0 | _aeng | |
| 110 | 2 |
_aGreat Britain _bHealth and Safety Executive |
|
| 245 | 0 | 0 |
_aManual handling _bManual Handling Operations Regulations 1992 (as amended), guidance on regulations _h[electronic resource] |
| 250 | _a3rd ed. | ||
| 260 |
_a[S.l.] _bHSE _c2004 |
||
| 490 | 0 |
_aHSE Health and Safety Guidance _v(L23) |
|
| 520 | _aGuidance on the Manual Handling Operations Regulations 1992 as amended by the Health and Safety (Miscellaneous Amendments) Regulations 2002. (Web friendly version of L23) | ||
| 650 | 2 | 4 | _aHEALTH AND SAFETY (MISCELLANEOUS AMENDMENTS) REGULATIONS 2002 |
| 651 | 4 |
_aGreat Britain _y1707- |
|
| 690 |
_aHealth and safety _96244 |
||
| 856 | 4 | 0 |
_uhttps://www.hse.gov.uk/pubns/priced/l23.pdf _zView the guidance free of charge at www.hse.gov.uk |
| 942 | _n0 | ||
| 999 |
_c110929 _d110929 |
||